| 000 -LEADER |
| fixed length control field |
00436cam a22001457a 4500 |
| 008 - FIXED-LENGTH DATA ELEMENTS--GENERAL INFORMATION |
| fixed length control field |
180718b1963 xxu||||| |||| 00| 0 eng d |
| 082 ## - DEWEY DECIMAL CLASSIFICATION NUMBER |
| Classification number |
A6x5403 H95 |
| 100 ## - MAIN ENTRY--PERSONAL NAME |
| Personal name |
Husain, Yusuf |
| 245 ## - TITLE STATEMENT |
| Title |
The First Nizam: the life and times of Nizamul - Mulk Asaff Jah I. |
| Statement of responsibility, etc. |
by Yusuf Husain |
| 260 ## - PUBLICATION, DISTRIBUTION, ETC. |
| Place of publication, distribution, etc. |
Bombay |
| Name of publisher, distributor, etc. |
Asia Pub. |
| Date of publication, distribution, etc. |
1963 |
| 300 ## - PHYSICAL DESCRIPTION |
| Extent |
267p. |
| 500 ## - GENERAL NOTE |
| General note |
Rs.17.50 |
| 650 ## - SUBJECT ADDED ENTRY--TOPICAL TERM |
| Topical term or geographic name entry element |
Hyderabad - History |
| 650 ## - SUBJECT ADDED ENTRY--TOPICAL TERM |
| Topical term or geographic name entry element |
India - History - 1526 - 1707 |